Hamilton - Guns And Ships (Lyrics) - Statistics

General Stats
  • This quiz has been taken 567 times
    479 since last reset
  • The average score is 232 of 315
Answer Stats
Answer % Correct
a
100%
I
99%
the
98%
The
98%
so
97%
an
96%
do
96%
we
96%
We
96%
and
94%
And
94%
I'm
94%
I'm-
94%
in
94%
need
94%
need-
94%
me
93%
some
93%
Yo,
93%
to
92%
be
91%
for
91%
How
91%
of
91%
you
91%
You
91%
you.
91%
does
90%
french,
90%
know
89%
know.
89%
Lafayette!
89%
this
89%
go
88%
he
88%
fight
87%
it
87%
with
87%
'em
86%
'em!
86%
have
86%
ships
86%
shower
86%
up
86%
guns
85%
superpower?
85%
army
84%
defeat
84%
give
84%
global
84%
turn
84%
back
83%
back?
83%
back!
83%
back-
83%
by
83%
favorite
83%
immigrant,
83%
ragtag
83%
weapon:
83%
fighting
82%
Frenchman
82%
gonna
82%
horse
82%
secret
82%
somehow
82%
Ev'ryone
81%
love,
81%
never
81%
taking
81%
America's
80%
emerge
80%
flag
80%
from
80%
higher?
80%
out
80%
what
80%
France
78%
Hamilton!
78%
Hamilton,
78%
more
78%
their
78%
victorious
78%
volunteer
78%
Betsy
77%
come
77%
Ross'
77%
step
77%
turns
77%
who's
77%
quagmire?
76%
shifts
76%
bloodstains
75%
British
75%
makin'
75%
stop
75%
unafraid
75%
balance
74%
can
74%
confusin',
74%
funds
74%
Redcoats
74%
battlefield
73%
constantly
73%
waving
73%
at
72%
He's
72%
man
72%
redder
72%
there
72%
until
72%
but
71%
henchmen,
71%
is
71%
end
70%
them
70%
war
70%
gifts
69%
confoundin'
68%
Leave
68%
someone
68%
Yorktown,
68%
your
68%
consolidate
67%
drop
67%
mean-
67%
mean
67%
succeed,
67%
Watch
67%
cut
66%
else
66%
off
66%
remains,
66%
sea,
66%
on
65%
make
64%
reins
64%
right
64%
right,
64%
scatter
64%
Enragin'
62%
Escapin'
61%
knows
61%
No
61%
fluent
59%
my
59%
engagin'
58%
trench,
58%
us
56%
Rochambeau,
55%
bench,
54%
get
54%
rendezvous
54%
you're
53%
him
52%
what's
52%
Alexander
51%
Alexander.
51%
one
51%
brilliance
49%
eventually,
49%
right-hand
49%
burn
48%
Sir,
48%
tactical
48%
use
47%
land
45%
matches
45%
practical
44%
gotta
43%
or
42%
has
41%
wanna
41%
If
40%
will
40%
are
38%
world
38%
same,
37%
waiting
36%
field
35%
ingenuitive
35%
oh,
35%
resilience
35%
tide,
35%
early
34%
soldiers
33%
surrender
33%
that
33%
light.
32%
now,
32%
they'll
32%
troops
32%
manage
31%
together
30%
join
29%
letter
29%
put
29%
better
28%
sooner
28%
thought
27%
yield
26%
into
25%
ami?
20%
ya
17%
Ah!
7%
Uh,
6%
No matching quizzes found
Score Distribution
Percent of People with Each Score
Percentile by Number Answered
Your Score History
You have not taken this quiz since the last reset